| 000 | 00760nam a22002177a 4500 | ||
|---|---|---|---|
| 999 |
_c15282 _d15282 |
||
| 003 | AR-CdUCM | ||
| 008 | 190313b ||||| |||| 00| 0 spa d | ||
| 040 |
_aMUNICIPALIDAD PROVINCIAL DEL CUSCO _cBIBLIOTECA MUNICIPAL DEL CUSCO |
||
| 082 |
_aES /780.924 / _bM32 |
||
| 100 |
_aMayo, Waldo _934327 |
||
| 245 | _aMozart / | ||
| 260 |
_aBuenos Aires : _bE.D.H.A.S.A, |
||
| 300 |
_a37 paginas ; _c21 cm. |
||
| 500 | _aHistoria | ||
| 505 | _aPrimera infancia, primeros viajes -- En Salzburg y en viena -- Primer viaje a Italia -- Salzburg. Segundo viaje a Italia -- Ultimo viaje a Italia ... | ||
| 650 |
_aMúsicos austriacos _917884 |
||
| 650 |
_aBiografía _922 |
||
| 700 |
_aChávarri, Eduardo L. _917885 |
||
| 942 |
_2ddc _cLIBROS |
||
| 945 |
_apjha _d2019-04-26 |
||